|
|
|
|
| LEADER |
02327nam a22003853i 4500 |
| 001 |
EBC6684719 |
| 003 |
MiAaPQ |
| 005 |
20231204023217.0 |
| 006 |
m o d | |
| 007 |
cr cnu|||||||| |
| 008 |
231204s2014 xx o ||||0 ger d |
| 020 |
|
|
|a 9783839416730
|q (electronic bk.)
|
| 020 |
|
|
|z 9783837616736
|
| 035 |
|
|
|a (MiAaPQ)EBC6684719
|
| 035 |
|
|
|a (Au-PeEL)EBL6684719
|
| 035 |
|
|
|a (OCoLC)1139864588
|
| 040 |
|
|
|a MiAaPQ
|b eng
|e rda
|e pn
|c MiAaPQ
|d MiAaPQ
|
| 100 |
1 |
|
|a Kammerer, Dietmar.
|
| 245 |
1 |
0 |
|a Vom Publicum :
|b Das Öffentliche in der Kunst.
|
| 250 |
|
|
|a 1st ed.
|
| 264 |
|
1 |
|a Bielefeld :
|b transcript,
|c 2014.
|
| 264 |
|
4 |
|c {copy}2012.
|
| 300 |
|
|
|a 1 online resource (247 pages)
|
| 336 |
|
|
|a text
|b txt
|2 rdacontent
|
| 337 |
|
|
|a computer
|b c
|2 rdamedia
|
| 338 |
|
|
|a online resource
|b cr
|2 rdacarrier
|
| 490 |
1 |
|
|a Image ;
|v v.19
|
| 505 |
0 |
|
|a Cover -- Inhalt -- Vorwort. Vom Publicum -- Biertrinken als höchste Kunstform? -- Die Öffentlichkeit der Verschwörung -- Das Publikum in der kunsttheoretischen Tradition: Wege zur Öffentlichkeit (und zurück) -- Genuss und Kritik. Partizipieren im Theaterpublikum -- Wir sitzen alle am Schneidetisch. Für eine Politik der Zuschauer -- Kunst im Stadtraum Berlins vor und nach 1989. Formationen des Öffentlichen in Ost und West -- Das Forum der Masken. Ein Beitrag aus Architektur und Kunst -- Stadien/Medien. Eine Archäologie des Public Viewing -- Für eine neue Heteronomieästhetik. Überlegungen zu Kunst, Politik und Stadtraum -- Wie politisch ist Rancières ästhetische »Neuaufteilung des Sinnlichen«? -- Ästhetik und Vernunft. Jacques Rancières politische Philosophie -- »Eine Sendung für Alle und Keinen« -- Autorinnen und Autoren -- Bildnachweise.
|
| 588 |
|
|
|a Description based on publisher supplied metadata and other sources.
|
| 590 |
|
|
|a Electronic reproduction. Ann Arbor, Michigan : ProQuest Ebook Central, 2023. Available via World Wide Web. Access may be limited to ProQuest Ebook Central affiliated libraries.
|
| 655 |
|
4 |
|a Electronic books.
|
| 776 |
0 |
8 |
|i Print version:
|a Kammerer, Dietmar
|t Vom Publicum
|d Bielefeld : transcript,c2014
|z 9783837616736
|
| 797 |
2 |
|
|a ProQuest (Firm)
|
| 830 |
|
0 |
|a Image
|
| 856 |
4 |
0 |
|u https://ebookcentral.proquest.com/lib/matrademy/detail.action?docID=6684719
|z Click to View
|